Sheffield plate (Record no. 7867)

MARC details
000 -CABECERA
campo de control de longitud fija 00657nam a2200229 a 4500
001 - NÚMERO DE CONTROL
campo de control BRCA_8199
005 - FECHA Y HORA DE LA ÚLTIMA TRANSACCIÓN
campo de control 20190320210155.0
008 - DATOS DE LONGITUD FIJA--INFORMACIÓN GENERAL
campo de control de longitud fija 130514s1955----enka###f##---#000-0#eng-#
041 ## - CÓDIGO DE LENGUA
Código de lengua del texto/banda sonora o título independiente eng
044 ## - CÓDIGO DEL PAÍS DE LA ENTIDAD EDITORA/PRODUCTORA
Código MARC del país enk
050 #4 - SIGNATURA TOPOGRÁFICA DE LA BIBLIOTECA DEL CONGRESO
Número de clasificación NK7250
Número de documento/Ítem .S54
-- 1955
245 10 - MENCIÓN DE TÍTULO
Título Sheffield plate
Mención de responsabilidad, etc. Victoria and Albet Museum.
260 ## - PUBLICACIÓN, DISTRIBUCIÓN, ETC.
Lugar de publicación, distribución, etc. Londres
Nombre del editor, distribuidor, etc. H. M. Stationery Office
Fecha de publicación, distribución, etc. 1955
300 ## - DESCRIPCIÓN FÍSICA
Extensión 1 v.
Otras características físicas il.
Dimensiones 18 cm.
440 #0 - MENCIÓN DE SERIE/PUNTO DE ACCESO ADICIONAL--TÍTULO
Título Its small picture book
Designación de volumen o secuencia 39
9 (RLIN) 20431
500 ## - NOTA GENERAL
Nota general U62
650 14 - PUNTO DE ACCESO ADICIONAL DE MATERIA--TÉRMINO DE MATERIA
Término de materia o nombre geográfico como elemento de entrada Vajillas reales
Subdivisión geográfica Inglaterra
9 (RLIN) 20432
650 14 - PUNTO DE ACCESO ADICIONAL DE MATERIA--TÉRMINO DE MATERIA
Término de materia o nombre geográfico como elemento de entrada Loza de cerámica
Subdivisión geográfica Inglaterra
9 (RLIN) 20433
710 2# - PUNTO DE ACCESO ADICIONAL--NOMBRE DE ENTIDAD CORPORATIVA
Nombre de entidad corporativa o nombre de jurisdicción como elemento de entrada Victoria and Albet Museum (Londres)
9 (RLIN) 20434
902 ## - CATALOGADOR
Iniciales GFM
942 ## - ELEMENTOS DE PUNTO DE ACCESO ADICIONAL (KOHA)
Fuente del sistema de clasificación o colocación Library of Congress Classification
Tipo de ítem Koha Libros
Holdings
Estado de retiro Estado de pérdida Estado dañado No para préstamo Localización permanente Ubicación/localización actual Fecha de adquisición Número de inventario Total de préstamos Signatura topográfica completa Código de barras Fecha visto por última vez Precio válido a partir de Tipo de ítem Koha
El ejemplar forma parte de la colección y puede ser consultado según las políticas vigentes.       Biblioteca del Museo Franz Mayer (Rogerio Casas-Alatriste) Biblioteca del Museo Franz Mayer (Rogerio Casas-Alatriste) 13/05/2014 U62   NK7250 .S54 1955 (U62) 8823 22/03/2019 22/03/2019 Libros